00431cam a2200133 a 4500020004200000040000900042082002600051100002700077245005900104260006400163300003500227650001500262700002000277 a9781466553200 (hardback : alk. paper) cDNAL00a664 CHA 1995 A118 Or.1 aChakraverty, Amalendu.10aPost harvest technology and food process engineering / aBoca Raton, FL :bCRC Press/ Taylor & Francis Group,c2014. axxix, 551 p. :bill. ;c25 cm. 0aFood crops1 aSingh, R. Paul.